000 00640nam a22002297a 4500
003 UA-OsUOA
001 93099
007 ta
008 20130115b un ||||| |||| 00| 0 ukr d
100 _aГринзбург Л.
090 _a821.161.1
_bГ85
942 _cBK
040 _aUA-OsUOA
_brus
_cUA-OsUOA
_dUA-OsUOA
245 _aДудка крысолова
_bзаметки писателя
300 _a220 с.
955 _a3
041 _arus
080 _a821.161.1
260 _aМ.
_bСоветский писатель
_c1960
650 7 _a82 Література. Літературознавство
_2UDC
999 _c379103
_d379103